00576nam a22001577a 4500003000400000082001800004100002000022245015000042260004400192300000700236650001900243653001900262942001200281952010800293999001700401SGT a617.632bC23S aSharma, Aishaan aComparative evaluation of stress distribution on implant-bone interface based on the diameter and length of implantbA 3D finite element analysis aGurugram, HaryanabSGT Universityc2023 a86 aPeriodontology aPeriodontology 2ddccTH 00102ddc405171aFDbFDd2023-01-25iSGTUo617.632 C23SpDT1473r2023-01-25 00:00:00w2023-01-25yTH c23725d23725